Normal view
MARC view
- Ubed Ur Rehman, Lt Col
Entry Personal Name
001 - CONTROL NUMBER
- control field: 48576
003 - CONTROL NUMBER IDENTIFIER
- control field: NUST
005 - DATE AND TIME OF LATEST TRANSACTION
- control field: 20210314134056.0
008 - FIXED-LENGTH DATA ELEMENTS
- fixed length control field: 210314|| aca||aabn | a|a d
040 ## - CATALOGING SOURCE
- Original cataloging agency: NUST
- Transcribing agency: NUST
100 ## - HEADING--PERSONAL NAME
- Personal name: Ubed Ur Rehman, Lt Col
670 ## - SOURCE DATA FOUND
- Source citation: Work cat.: (NUST): Ubed Ur Rehman, Lt Col., Evaluation of Marshall test method temperature criterion for designing rut resistant bituminous mixes in Pakistan, 2002
